000 00690nam a2200205 i 4500
001 146804
003 ES-MaACL
005 20250415191429.0
007 t|
008 070917s1946 sp ||||1| spa d
080 _a396(091)
100 1 _aTruc, Gonzague.
_9111537
245 1 0 _aHistoria ilustrada de la mujer /
_cpor Gonzague Truc ; con un apéndice para cada época sobre la mujer española por Luis G. de Linares.
260 _aMadrid :
_bIdea,
_c[1946]
300 _a2 v. :
_b126 h. de lám., 8 h. de lám. col., il. ;
_c27 cm.
650 4 _aMujeres-
_xHistoria
_915289
700 1 _aGarcía de Linares, Luis.
_954463
852 4 _aES-MaACL
_jC-5215-16
999 _c146804
_d146804